Library Banner

Sofi Amir Khusroo = صوفی امیر خسرو / (Record no. 114303)

MARC details
000 -LEADER
fixed length control field 00501nam a2200145 4500
005 - DATE AND TIME OF LATEST TRANSACTION
control field 20191021121205.0
008 - FIXED-LENGTH DATA ELEMENTS--GENERAL INFORMATION
fixed length control field 191021b ||||| |||| 00| 0 eng d
040 ## - CATALOGING SOURCE
Transcribing agency PK-LaUMT
082 ## - DEWEY DECIMAL CLASSIFICATION NUMBER
Classification number MSC 891.551
Item number SAB-S
100 ## - MAIN ENTRY--PERSONAL NAME
Personal name Sabah ud Din Abdurrahman = صباح الدین عبدالرحمن
245 ## - TITLE STATEMENT
Title Sofi Amir Khusroo = صوفی امیر خسرو /
Statement of responsibility, etc by Sabah ud Din Abdurrahman = صباح الدین عبدالرحمن
260 ## - PUBLICATION, DISTRIBUTION, ETC. (IMPRINT)
Place of publication, distribution, etc Lahore :
Name of publisher, distributor, etc Darushoor,
Date of publication, distribution, etc 2010
300 ## - PHYSICAL DESCRIPTION
Extent 169 p.
942 ## - ADDED ENTRY ELEMENTS (KOHA)
Koha item type Books
Holdings
Withdrawn status Lost status Damaged status Home library Current library Date acquired Full call number Barcode Date last seen Price effective from Koha item type
      UMT Main Campus UMT Main Campus 2019-10-21 MSC 891.551 SAB-S 132002 2019-10-21 2019-10-21 Books